000 00957nam a2200301Ia 4500
001 355
003 IT-RoPAU
008 130308s9999 xx 000 0 und d
040 _aIT-RoPAU
040 _cIT-RoPAU
041 _aFRANCESE
100 _aGenette Gerard
100 _gCodice Aut. SPICS: 6192
245 _aFigures III
245 _bFigures Iii
250 _a1a ed.
260 _aPARIS
260 _bSeuil
260 _c1972 [1° Ed.:1972 - Ed.Ling.Originale:1972]
300 _a"286 p. (prefazione: no ; testo: 286 [pagine: 0-0])"
500 _aCritica e Poetica Poetica e Storia Retorica Metonimia in Proust Discorso Sul Racconto Ordine del Racconto Tempo del Racconto Durata del Racconto Frequenza e Modalità del Racconto voce Tempo della Narrazione livello Narrativo Funzioni del Narratore
650 _aLINGUISTICA
650 _eCodice materia Spics: 3201
942 _cBK
957 _71
999 _c65524
_d65524
999 _bSI
999 _g2